ស្វែងរកសត្វល្អិតបង្រៃនិងសត្វមានប្រយោជន៍លើដំណាំបន្លែអំបូរស្ពៃនិងវិធានការគ្រប់គ្រងក្នុងលក្ខខណ្ឌប្រទេសកម្ពុជា (Record no. 17078)

000 -LEADER
fixed length control field 00591nam a22001217a 4500
040 ## - CATALOGING SOURCE
Transcribing agency ឃុន​
082 ## - DEWEY DECIMAL CLASSIFICATION NUMBER
Classification number 632 ឃុន​ 2017 c276 Or.
100 ## - MAIN ENTRY--AUTHOR NAME
Personal name ឃុន គីមឃុយ
245 ## - TITLE STATEMENT
Title ស្វែងរកសត្វល្អិតបង្រៃនិងសត្វមានប្រយោជន៍លើដំណាំបន្លែអំបូរស្ពៃនិងវិធានការគ្រប់គ្រងក្នុងលក្ខខណ្ឌប្រទេសកម្ពុជា
260 ## - PUBLICATION, DISTRIBUTION, ETC. (IMPRINT)
Place of publication RUA
Name of publisher ឃុន
Year of publication 2017
300 ## - PHYSICAL DESCRIPTION
Number of Pages 167p;
942 ## - ADDED ENTRY ELEMENTS (KOHA)
Koha item type សៀវភៅភាសាខ្មែរ
952 ## - LOCATION AND ITEM INFORMATION (KOHA)
Withdrawn status [LOCAL, KOHA] 0
952 ## - LOCATION AND ITEM INFORMATION (KOHA)
Withdrawn status [LOCAL, KOHA] 0
952 ## - LOCATION AND ITEM INFORMATION (KOHA)
Withdrawn status [LOCAL, KOHA] 0
952 ## - LOCATION AND ITEM INFORMATION (KOHA)
Withdrawn status [LOCAL, KOHA] 0
952 ## - LOCATION AND ITEM INFORMATION (KOHA)
Withdrawn status [LOCAL, KOHA] 0
952 ## - LOCATION AND ITEM INFORMATION (KOHA)
Withdrawn status [LOCAL, KOHA] 0
952 ## - LOCATION AND ITEM INFORMATION (KOHA)
Withdrawn status [LOCAL, KOHA] 0
952 ## - LOCATION AND ITEM INFORMATION (KOHA)
Withdrawn status [LOCAL, KOHA] 0
952 ## - LOCATION AND ITEM INFORMATION (KOHA)
Withdrawn status [LOCAL, KOHA] 0
952 ## - LOCATION AND ITEM INFORMATION (KOHA)
Withdrawn status [LOCAL, KOHA] 0
952 ## - LOCATION AND ITEM INFORMATION (KOHA)
Withdrawn status [LOCAL, KOHA] 0
952 ## - LOCATION AND ITEM INFORMATION (KOHA)
Withdrawn status [LOCAL, KOHA] 0
952 ## - LOCATION AND ITEM INFORMATION (KOHA)
Withdrawn status [LOCAL, KOHA] 0
952 ## - LOCATION AND ITEM INFORMATION (KOHA)
Withdrawn status [LOCAL, KOHA] 0
952 ## - LOCATION AND ITEM INFORMATION (KOHA)
Withdrawn status [LOCAL, KOHA] 0
952 ## - LOCATION AND ITEM INFORMATION (KOHA)
Withdrawn status [LOCAL, KOHA] 0
952 ## - LOCATION AND ITEM INFORMATION (KOHA)
Withdrawn status [LOCAL, KOHA] 0
952 ## - LOCATION AND ITEM INFORMATION (KOHA)
Withdrawn status [LOCAL, KOHA] 0
952 ## - LOCATION AND ITEM INFORMATION (KOHA)
Withdrawn status [LOCAL, KOHA] 0
952 ## - LOCATION AND ITEM INFORMATION (KOHA)
Withdrawn status [LOCAL, KOHA] 0
952 ## - LOCATION AND ITEM INFORMATION (KOHA)
Withdrawn status [LOCAL, KOHA] 0
952 ## - LOCATION AND ITEM INFORMATION (KOHA)
Withdrawn status [LOCAL, KOHA] 0
952 ## - LOCATION AND ITEM INFORMATION (KOHA)
Withdrawn status [LOCAL, KOHA] 0
952 ## - LOCATION AND ITEM INFORMATION (KOHA)
Withdrawn status [LOCAL, KOHA] 0
952 ## - LOCATION AND ITEM INFORMATION (KOHA)
Withdrawn status [LOCAL, KOHA] 0
952 ## - LOCATION AND ITEM INFORMATION (KOHA)
Withdrawn status [LOCAL, KOHA] 0
952 ## - LOCATION AND ITEM INFORMATION (KOHA)
Withdrawn status [LOCAL, KOHA] 0
952 ## - LOCATION AND ITEM INFORMATION (KOHA)
Withdrawn status [LOCAL, KOHA] 0
952 ## - LOCATION AND ITEM INFORMATION (KOHA)
Withdrawn status [LOCAL, KOHA] 0
952 ## - LOCATION AND ITEM INFORMATION (KOHA)
Withdrawn status [LOCAL, KOHA] 0
Holdings
Permanent Location Date acquired Koha item type Lost status Shelving location Barcode Current Location Full call number
Library Block C2018-07-25សៀវភៅភាសាខ្មែរ C276A09691Library Block C632 ឃុន​ 2017 c276 Or.
Library Block C2018-07-25សៀវភៅភាសាខ្មែរ C276A10539Library Block C632 ឃុន​ 2017 c276 Or.
Library Block C2018-07-25សៀវភៅភាសាខ្មែរ C276A10841Library Block C632 ឃុន​ 2017 c276 Or.
Library Block C2018-07-25សៀវភៅភាសាខ្មែរ C276A10754Library Block C632 ឃុន​ 2017 c276 Or.
Library Block C2018-07-25សៀវភៅភាសាខ្មែរ C276A10883Library Block C632 ឃុន​ 2017 c276 Or.
Library Block C2018-07-25សៀវភៅភាសាខ្មែរ C276A10722Library Block C632 ឃុន​ 2017 c276 Or.
Library Block C2018-07-25សៀវភៅភាសាខ្មែរ C276A10808Library Block C632 ឃុន​ 2017 c276 Or.
Library Block C2018-07-25សៀវភៅភាសាខ្មែរ C276A10394Library Block C632 ឃុន​ 2017 c276 Or.
Library Block C2018-07-25សៀវភៅភាសាខ្មែរ C276A10795Library Block C632 ឃុន​ 2017 c276 Or.
Library Block C2018-07-25សៀវភៅភាសាខ្មែរ C276A10790Library Block C632 ឃុន​ 2017 c276 Or.
Library Block C2018-07-25សៀវភៅភាសាខ្មែរ C276A10840Library Block C632 ឃុន​ 2017 c276 Or.
Library Block C2018-07-25សៀវភៅភាសាខ្មែរ C276A10940Library Block C632 ឃុន​ 2017 c276 Or.
Library Block C2018-07-25សៀវភៅភាសាខ្មែរ C276A10870Library Block C632 ឃុន​ 2017 c276 Or.
Library Block C2018-07-25សៀវភៅភាសាខ្មែរ C276A10682Library Block C632 ឃុន​ 2017 c276 Or.
Library Block C2018-07-25សៀវភៅភាសាខ្មែរ C276A10766Library Block C632 ឃុន​ 2017 c276 Or.
Library Block C2018-07-25សៀវភៅភាសាខ្មែរ C276A10880Library Block C632 ឃុន​ 2017 c276 Or.
Library Block C2018-07-25សៀវភៅភាសាខ្មែរ C276A10616Library Block C632 ឃុន​ 2017 c276 Or.
Library Block C2018-07-25សៀវភៅភាសាខ្មែរ C276A09692Library Block C632 ឃុន​ 2017 c276 Or.
Library Block C2018-07-25សៀវភៅភាសាខ្មែរ C276A10797Library Block C632 ឃុន​ 2017 c276 Or.
Library Block C2018-07-25សៀវភៅភាសាខ្មែរ C276A10872Library Block C632 ឃុន​ 2017 c276 Or.
Library Block C2018-07-25សៀវភៅភាសាខ្មែរ C276A10947Library Block C632 ឃុន​ 2017 c276 Or.
Library Block C2018-07-25សៀវភៅភាសាខ្មែរ C276A10962Library Block C632 ឃុន​ 2017 c276 Or.
Library Block C2018-07-25សៀវភៅភាសាខ្មែរ C276A10953Library Block C632 ឃុន​ 2017 c276 Or.
Library Block C2018-07-25សៀវភៅភាសាខ្មែរ C276A10397Library Block C632 ឃុន​ 2017 c276 Or.
Library Block C2018-07-25សៀវភៅភាសាខ្មែរ C276A09768Library Block C632 ឃុន​ 2017 c276 Or.
Library Block C2018-07-25សៀវភៅភាសាខ្មែរ C276A33799Library Block C632 ឃុន​ 2017 c276 Or.
Library Block C2018-07-25សៀវភៅភាសាខ្មែរ C276A10865Library Block C632 ឃុន​ 2017 c276 Or.
Library Block C2018-07-25សៀវភៅភាសាខ្មែរ C276A10757Library Block C632 ឃុន​ 2017 c276 Or.
Library Block C2018-07-25សៀវភៅភាសាខ្មែរ C276A10715Library Block C632 ឃុន​ 2017 c276 Or.
Library Block C2023-01-13សៀវភៅភាសាខ្មែរ C276a071188Library Block C632 ឃុន​ 2017 c276 Or.
មជ្ឈមណ្ឌលឯការនៃសាកលវិទ្យាល័យភូមិន្ទកសិកម្មចំការដូង

Powered by Koha